[Event "Magistral"]
[Site "Pamplona ESP"]
[Date "2007.12.22"]
[Round "1"]
[White "Khamrakulov, I."]
[Black "Vallejo Pons, F."]
[Result "0-1"]
[WhiteElo "2604"]
[BlackElo "2660"]
[PlyCount "84"]
[EventDate "2007.12.22"]
[Source "www.chesslib.no"]
[SourceDate "2004.05.04"]

1. e4 e5 2. Nf3 Nc6 3. Bc4 Bc5 4. c3 Nf6 5. d3 a6 6. O-O Ba7 7. h3 d6 8. Bb3 h6
9. Be3 g5 10. Bxa7 Nxa7 11. d4 Qe7 12. Nbd2 g4 13. hxg4 Nxg4 14. dxe5 dxe5 15.
g3 Rg8 16. Qe2 Bd7 17. Rfd1 O-O-O 18. Nc4 h5 19. Ne3 Kb8 20. Nf5 Bxf5 21. Rxd8+
Qxd8 22. exf5 Qf6 23. Re1 Re8 24. Qc4 Re7 25. Nh4 Nc8 26. Qd5 Nd6 27. Bc2 Qh6
28. f3 Nf6 29. Qd1 Re8 30. Kf2 Rg8 31. Qc1 Qg7 32. Rg1 e4 33. Qd1 exf3 34. Qxf3
Re8 35. Kg2 Qg5 36. Kh1 Re3 37. Qg2 Nde4 38. Nf3 Qg4 39. Bd1 Qxf5 40. Rf1 Qg6
41. Rg1 Ng4 42. Rf1 Qd6 0-1

[Event "Magistral"]
[Site "Pamplona ESP"]
[Date "2007.12.27"]
[Round "6"]
[White "Khamrakulov, I."]
[Black "Sargissian, G."]
[Result "0-1"]
[WhiteElo "2604"]
[BlackElo "2673"]
[PlyCount "114"]
[EventDate "2007.12.22"]
[Source "www.chesslib.no"]
[SourceDate "2004.05.04"]

1. e4 e5 2. Nf3 Nc6 3. Bc4 Bc5 4. c3 Nf6 5. d3 a6 6. h3 d6 7. Bb3 Ba7 8. Nbd2
O-O 9. Nf1 d5 10. Qe2 Be6 11. Ng3 dxe4 12. dxe4 Bxb3 13. axb3 Qd7 14. Bg5 Ne8
15. O-O Qe6 16. Nd2 Nd6 17. Rfd1 f6 18. Be3 Bxe3 19. Qxe3 Rad8 20. Qe2 Rf7 21.
Nc4 Nxc4 22. Rxd8+ Nxd8 23. bxc4 Rd7 24. Nf5 g6 25. Ne3 Nf7 26. Rd1 Kg7 27. Rd5
c6 28. Rd3 Rxd3 29. Qxd3 Qd6 30. Qxd6 Nxd6 31. f3 b6 32. Kf2 f5 33. exf5 gxf5
34. b3 Kf6 35. Ke2 f4 36. Ng4+ Kf5 37. Kd3 a5 38. Nf2 Ke6 39. c5 bxc5 40. c4
Kf5 41. Ng4 Nf7 42. Nf2 Ng5 43. Ne4 Ne6 44. Nd6+ Kf6 45. Nb7 Kf5 46. h4 e4+ 47.
fxe4+ Kg4 48. e5 Kg3 49. Ke4 Kxg2 50. Nd8 Nxd8 51. Kxf4 Kh3 52. h5 Kh4 53. h6
Kh5 54. Kf5 Kxh6 55. Kf6 Kh5 56. Ke7 Kg5 57. Kxd8 Kf5 0-1

[Event "Czech Coal"]
[Site "Carlsbad CZE"]
[Date "2007.09.08"]
[Round "1"]
[White "Movsesian, S."]
[Black "Akopian, Vl"]
[Result "1/2-1/2"]
[WhiteElo "2667"]
[BlackElo "2708"]
[PlyCount "120"]
[EventDate "2007.09.08"]
[Source "www.chesslib.no"]
[SourceDate "2004.05.04"]

1. e4 e5 2. Nf3 Nc6 3. Bc4 Bc5 4. c3 Nf6 5. d3 d6 6. Bb3 a6 7. h3 Ba7 8. Nbd2
O-O 9. Nf1 d5 10. exd5 Nxd5 11. Ng3 f6 12. O-O Be6 13. Re1 Qd7 14. d4 exd4 15.
cxd4 Bf7 16. Bc2 Rae8 17. Be3 Nxe3 18. fxe3 Nb4 19. Bb3 c5 20. a3 Nc6 21. dxc5
Qxd1 22. Bxf7+ Rxf7 23. Raxd1 Bxc5 24. Nf5 Rc7 25. Rc1 Ne5 26. Rc3 Nxf3+ 27.
gxf3 Re5 28. Ng3 Bb6 29. Rxc7 Bxc7 30. Kf2 Rb5 31. Re2 Rb3 32. Nf5 Be5 33. Nd4
Bxd4 34. exd4 Kf7 35. Kg3 g5 36. d5 Rd3 37. Rc2 Kg6 38. Rc7 h5 39. Rxb7 h4+ 40.
Kf2 Rxd5 41. Rb6 Rd2+ 42. Kg1 Kf5 43. Rxa6 Rxb2 44. Ra4 Ra2 45. Kf1 Ke5 46.
Re4+ Kd5 47. a4 f5 48. Rb4 Rh2 49. f4 g4 50. hxg4 fxg4 51. f5 g3 52. Kg1 Ke5
53. a5 h3 54. Rb3 Rg2+ 55. Kh1 Kf4 56. Rb4+ Kf3 57. Rb3+ Kf2 58. Rb2+ Kf1 59.
Rb1+ Kf2 60. Rb2+ Kf1 1/2-1/2

[Event "IV RUS-CHN Match"]
[Site "Nizhniy Novgorod RUS"]
[Date "2007.08.21"]
[Round "2"]
[White "Inarkiev, E."]
[Black "Ni Hua"]
[Result "1/2-1/2"]
[WhiteElo "2663"]
[BlackElo "2681"]
[PlyCount "149"]
[EventDate "2007.08.20"]
[Source "www.chesslib.no"]
[SourceDate "2004.05.04"]

1. e4 e5 2. Nf3 Nc6 3. Bc4 Bc5 4. c3 Nf6 5. d3 d6 6. O-O O-O 7. Re1 Bb6 8. Bb3
Be6 9. Nbd2 Bxb3 10. axb3 d5 11. Qe2 Re8 12. b4 a6 13. h3 h6 14. Nf1 Qd7 15.
Nh4 Rad8 16. Ra3 Ne7 17. c4 c6 18. Ng3 Qe6 19. Nhf5 Nxf5 20. Nxf5 Kh7 21. Qf3
Ng8 22. b3 Ne7 23. Ng3 Ng6 24. Ra2 Bd4 25. Rc2 dxe4 26. Rxe4 Ne7 27. Rh4 f5 28.
Bg5 f4 29. Ne4 Kg8 30. Bf6 Rf8 31. Bxe7 Qxe7 32. Qh5 Qf7 33. Qg4 Qf5 34. Rh5
Qxg4 35. hxg4 f3 36. Rh3 fxg2 37. Kxg2 Rf4 38. Rg3 Kf7 39. Kf1 Ke7 40. Ke2 Rdf8
41. f3 Kd7 42. Rh3 Kc7 43. Ra2 g6 44. Rc2 h5 45. gxh5 gxh5 46. Ng5 R4f6 47.
Rxh5 Rg8 48. Kf1 Rfg6 49. Rg2 Kb6 50. Rg4 a5 51. bxa5+ Kxa5 52. Ke2 Kb4 53. Ne4
Rxg4 54. fxg4 Rxg4 55. Rh7 b5 56. Rb7 Kxb3 57. cxb5 cxb5 58. Rxb5+ Kc2 59. Rd5
Rg2+ 60. Kf3 Rh2 61. Nc5 Rf2+ 62. Kg4 Rf1 63. Nd7 Kxd3 64. Nxe5+ Ke4 65. Rxd4+
Kxd4 66. Nf3+ Ke3 67. Ng5 Rf4+ 68. Kh5 Rf1 69. Kg6 Kd4 70. Nf7 Kd5 71. Ng5 Rf4
72. Nh3 Rf8 73. Ng5 Rg8+ 74. Kf5 Rxg5+ 75. Kxg5 1/2-1/2

[Event "IV RUS-CHN Match"]
[Site "Nizhniy Novgorod RUS"]
[Date "2007.08.30"]
[Round "10"]
[White "Alekseev, Evgeny"]
[Black "Ni Hua"]
[Result "1/2-1/2"]
[WhiteElo "2689"]
[BlackElo "2681"]
[PlyCount "63"]
[EventDate "2007.08.20"]
[Source "www.chesslib.no"]
[SourceDate "2004.05.04"]

1. e4 e5 2. Nf3 Nc6 3. Bc4 Bc5 4. c3 Nf6 5. d3 d6 6. Bb3 O-O 7. O-O Bb6 8. Nbd2
Be6 9. Nc4 Ne7 10. a4 c6 11. Nxb6 Bxb3 12. Qxb3 Qxb6 13. Qc2 Ng6 14. h3 Qc7 15.
Be3 c5 16. Nh2 Nh5 17. Qd1 Nhf4 18. h4 Ne6 19. h5 Ne7 20. h6 f5 21. hxg7 Kxg7
22. d4 Kh8 23. dxe5 dxe5 24. exf5 Rxf5 25. Qd3 Rg8 26. Rad1 Qc6 27. f3 Nf4 28.
Bxf4 exf4 29. Rfe1 Qg6 30. Rd2 Nc6 31. Ng4 h5 32. Nh2 1/2-1/2

[Event "otb"]
[Site "otb"]
[Date "2007.05.19"]
[Round "1"]
[White "Predojevic Borki"]
[Black "Sokolov Ivan"]
[Result "1/2-1/2"]
[WhiteElo "2609"]
[BlackElo "2655"]
[PlyCount "81"]
[Source "www.chesslib.no"]
[SourceDate "2004.05.04"]

1. e4 e5 2. Nf3 Nc6 3. Bc4 Bc5 4. c3 Nf6 5. d3 d6 6. O-O Bb6 7. Nbd2 Ne7 8. Re1
Ng6 9. Nf1 O-O 10. Ng3 c6 11. Bb3 h6 12. h3 d5 13. Be3 Bc7 14. Qc2 Re8 15. Rad1
Be6 16. d4 Nxe4 17. Nxe4 Bf5 18. Nfd2 exd4 19. Bxd4 dxe4 20. Nxe4 Qe7 21. f3
Nf4 22. Qf2 Bxe4 23. fxe4 Rad8 24. Qf3 Ne6 25. Rf1 Rd7 26. Qg4 Bb6 27. Kh1 Bxd4
28. cxd4 Qg5 29. Qf3 Qg6 30. d5 cxd5 31. Bxd5 Rde7 32. h4 h5 33. b4 Qg4 34.
Qxg4 hxg4 35. Kh2 Nf8 36. Rf4 Nh7 37. e5 Nf8 38. Rdf1 Ne6 39. Rxg4 Nd8 40. Rgf4
Rd7 41. Rd1 1/2-1/2

[Event "otb"]
[Site "otb"]
[Date "2007.05.03"]
[Round "2"]
[White "Landa Konstantin"]
[Black "Kazhgaleyev Murtas"]
[Result "1-0"]
[WhiteElo "2608"]
[BlackElo "2603"]
[PlyCount "77"]
[Source "www.chesslib.no"]
[SourceDate "2004.05.04"]

1. e4 e5 2. Nf3 Nc6 3. Bc4 Bc5 4. c3 Nf6 5. d3 d6 6. Nbd2 a6 7. Bb3 O-O 8. O-O
Ba7 9. h3 Ne7 10. Re1 Ng6 11. Nf1 h6 12. Ng3 b5 13. d4 Bb7 14. Bc2 Re8 15. a4
exd4 16. cxd4 c5 17. d5 c4 18. b4 Nd7 19. Bb2 Nde5 20. axb5 axb5 21. Nf5 Qf6
22. N3d4 Nf4 23. Re3 Bb6 24. Rg3 g6 25. Qd2 Nh5 26. Nxh6+ Kh7 27. Ng4 Nxg4 28.
Rf3 Rxa1+ 29. Bxa1 Ra8 30. Bc3 Qxf3 31. gxf3 Ne5 32. f4 Bxd4 33. fxe5 Bxe5 34.
Bxe5 dxe5 35. d6 Nf4 36. d7 Ne6 37. Qd6 Ra1+ 38. Kh2 Ra2 39. Qxe6 1-0

[Event "otb"]
[Site "otb"]
[Date "2007.03.22"]
[Round "5"]
[White "Gelfand Boris"]
[Black "Vallejo Pons Francisco"]
[Result "1-0"]
[WhiteElo "2733"]
[BlackElo "2679"]
[PlyCount "59"]
[Source "www.chesslib.no"]
[SourceDate "2004.05.04"]

1. e4 e5 2. Nf3 Nc6 3. Bc4 Bc5 4. c3 Nf6 5. d3 a6 6. Bb3 Ba7 7. O-O O-O 8. Re1
d6 9. h3 h6 10. Nbd2 Nh5 11. Nf1 Qf6 12. Be3 Nf4 13. Ng3 Be6 14. Bxf4 exf4 15.
Nh5 Qe7 16. Nxf4 Qf6 17. Nd5 Bxd5 18. Bxd5 Ne7 19. Bb3 Ng6 20. d4 c5 21. e5
dxe5 22. dxe5 Qb6 23. Qd6 Qxd6 24. exd6 b5 25. Rad1 Rfd8 26. Bc2 Nf4 27. Ne5 g6
28. Nc6 Rd7 29. Re7 Rxd6 30. Rxd6 1-0

[Event "otb"]
[Site "otb"]
[Date "2007.02.21"]
[Round "8"]
[White "Areshchenko Alexander"]
[Black "Aleksandrov Aleksej"]
[Result "1-0"]
[WhiteElo "2644"]
[BlackElo "2601"]
[PlyCount "101"]
[Source "www.chesslib.no"]
[SourceDate "2004.05.04"]

1. e4 e5 2. Nf3 Nc6 3. Bc4 Bc5 4. c3 Nf6 5. d3 a6 6. Bb3 Ba7 7. O-O d6 8. Nbd2
O-O 9. h3 Be6 10. Re1 Re8 11. Nf1 h6 12. Ng3 Qd7 13. Bc2 d5 14. Qe2 Rad8 15.
Kh2 Kh8 16. Nh4 Ng8 17. Qf3 Bc5 18. Ngf5 Bf8 19. g4 g6 20. Rg1 dxe4 21. dxe4
gxf5 22. gxf5 Bc4 23. f6 Re6 24. Rxg8+ Kxg8 25. Be3 Ne7 26. fxe7 Bxe7 27. Rg1+
Bg5 28. Qh5 Rf6 29. b3 Bb5 30. a4 Bc6 31. Rxg5+ hxg5 32. Qxg5+ Rg6 33. Nxg6
fxg6 34. b4 Re8 35. Bb3+ Kh8 36. Qh4+ Qh7 37. Bh6 Rf8 38. Qg5 Rxf2+ 39. Kg3 Rf7
40. Qxe5+ Rg7 41. Qg5 Be8 42. Bxg7+ Qxg7 43. Qh4+ Qh7 44. Qf6+ Qg7 45. e5 g5
46. a5 Qxf6 47. exf6 Bd7 48. Bd5 Bc8 49. Bf3 b6 50. Bg4 Bb7 51. Bf5 1-0

[Event "Sibenik"]
[Site "?"]
[Date "2006.09.27"]
[Round "6.1"]
[White "Delchev Aleksander"]
[Black "Almasi Zoltan"]
[Result "1/2-1/2"]
[WhiteElo "2637"]
[BlackElo "2672"]
[PlyCount "88"]
[EventDate "2006.??.??"]
[Source "www.chesslib.no"]
[SourceDate "2004.05.04"]

1. e4 e5 2. Nf3 Nc6 3. Bc4 Bc5 4. c3 Nf6 5. d3 a6 6. O-O d6 7. Re1 Ba7 8. Bb3
O-O 9. h3 h6 10. Nbd2 Nh5 11. Nf1 Qf6 12. Be3 Nf4 13. Ng3 g6 14. d4 h5 15. a4
a5 16. Bc4 Ne7 17. Nh2 Be6 18. Ba2 Bxa2 19. Rxa2 c5 20. Nf3 cxd4 21. cxd4 Nc6
22. d5 Nb4 23. Ra3 Rfc8 24. Bxa7 Rxa7 25. Ree3 b6 26. Rac3 Rac7 27. Ne2 Rc5 28.
Rxc5 Rxc5 29. Nc3 h4 30. Ne1 Rc4 31. Kh2 Rd4 32. Qf3 Rd2 33. b3 Kg7 34. Nb5 Na6
35. Na3 Ra2 36. Nc4 Qd8 37. Nd3 Nxd3 38. Rxd3 Nc5 39. Rd2 Ra1 40. Qe3 Rb1 41.
Rb2 Rd1 42. Rd2 Rb1 43. Rb2 Rd1 44. Rd2 Rb1 1/2-1/2

[Event "Tch (Men) 2005/2006 FRA"]
[Site "?"]
[Date "2006.04.01"]
[Round "6"]
[White "Delchev Aleksander"]
[Black "Kazhgaleyev Murtas"]
[Result "1-0"]
[WhiteElo "2661"]
[BlackElo "2607"]
[PlyCount "55"]
[EventDate "2006.??.??"]
[Source "www.chesslib.no"]
[SourceDate "2004.05.04"]

1. e4 e5 2. Nf3 Nc6 3. Bc4 Bc5 4. c3 Nf6 5. d3 a6 6. O-O Ba7 7. Bb3 d6 8. Re1
O-O 9. h3 Be6 10. Bc2 d5 11. exd5 Qxd5 12. Bg5 Nd7 13. Nbd2 Rae8 14. c4 Qc5 15.
Ne4 Qb6 16. Ba4 Nd4 17. Nxd4 exd4 18. c5 Nxc5 19. Bxe8 Rxe8 20. Nxc5 Qxc5 21.
Bf4 c6 22. Qf3 f6 23. Re2 Qe7 24. Rae1 Qd7 25. Qh5 g6 26. Qh4 Qf7 27. Bd6 Bb6
28. Qh6 1-0

[Event "It (Rapid) D'Ajaccio FRA"]
[Site "?"]
[Date "2005.10.26"]
[Round "6"]
[White "Bologan Viktor"]
[Black "Sasikiran Krishnan"]
[Result "1/2-1/2"]
[WhiteElo "2682"]
[BlackElo "2663"]
[PlyCount "83"]
[EventDate "2005.??.??"]
[Source "www.chesslib.no"]
[SourceDate "2004.05.04"]

1. e4 e5 2. Nf3 Nc6 3. Bc4 Bc5 4. c3 Nf6 5. d3 d6 6. Nbd2 a6 7. Bb3 Ba7 8. Nf1
Ne7 9. Ng3 Ng6 10. O-O O-O 11. h3 Be6 12. Bc2 d5 13. d4 exd4 14. e5 d3 15. Qxd3
Nd7 16. Be3 c5 17. b4 Qc7 18. bxc5 Rfc8 19. Bd4 Bxc5 20. Rac1 Qa5 21. Bb1 Bxd4
22. cxd4 Rc4 23. Nd2 Rxc1 24. Rxc1 Ndf8 25. Nb3 Qd8 26. Qe3 Qh4 27. Nf5 Bxf5
28. Bxf5 Ne7 29. Bg4 Nc6 30. Nc5 Qe7 31. Bf3 Rd8 32. Nxa6 Ne6 33. Nc5 Ncxd4 34.
Bg4 g6 35. Bxe6 Nxe6 36. Nxe6 Qxe6 37. Qd4 Rc8 38. Rd1 Kg7 39. Qxd5 Rc1 40. Qd2
Rxd1+ 41. Qxd1 Qxe5 42. a4 1/2-1/2

[Event "Moscow RUS"]
[Site "?"]
[Date "2005.02.18"]
[Round "4"]
[White "Dvoirys Semen I"]
[Black "Kaidanov Gregory S"]
[Result "0-1"]
[WhiteElo "2595"]
[BlackElo "2629"]
[PlyCount "40"]
[EventDate "2005.??.??"]
[Source "www.chesslib.no"]
[SourceDate "2004.05.04"]

1. e4 e5 2. Nf3 Nc6 3. Bc4 Bc5 4. c3 Nf6 5. d3 a6 6. b4 Ba7 7. a4 d6 8. O-O O-O
9. Bg5 h6 10. Bh4 g5 11. Bg3 Ne7 12. Nbd2 Ng6 13. d4 Nd7 14. Re1 Qf6 15. h3
exd4 16. cxd4 Bxd4 17. Nxd4 Qxd4 18. Rc1 Nde5 19. Bf1 Be6 20. Rb1 Rab8 0-1

[Event "HUN-GER Match"]
[Site "Budapest"]
[Date "2004.09.21"]
[Round "6"]
[White "Gyimesi, Zoltan"]
[Black "Gustafsson, Jan"]
[Result "1/2-1/2"]
[WhiteElo "2618"]
[BlackElo "2611"]
[PlyCount "36"]
[EventDate "2004.09.16"]
[Source "Roberto Alvarez"]
[SourceDate "2004.10.05"]

1. e4 e5 2. Nf3 Nc6 3. Bc4 Bc5 4. c3 Nf6 5. d3 a6 6. Bb3 d6 7. h3 Ba7 8. Nbd2
O-O 9. Nf1 d5 10. Qe2 Be6 11. Bg5 dxe4 12. dxe4 Bxb3 13. axb3 Qd6 14. Ng3 Ne8
15. O-O Qe6 16. Nd2 f6 17. Be3 Bxe3 18. Qxe3 Nd6 1/2-1/2

[Event "NED-ch"]
[Site "Leeuwarden"]
[Date "2004.07.08"]
[Round "8"]
[White "Van den Doel, Erik"]
[Black "Sokolov, Ivan"]
[Result "0-1"]
[WhiteElo "2599"]
[BlackElo "2690"]
[PlyCount "114"]
[EventDate "2004.06.30"]
[SourceDate "2004.07.13"]

1. e4 e5 2. Nf3 Nc6 3. Bc4 Bc5 4. c3 Nf6 5. d4 exd4 6. cxd4 Bb4+ 7. Bd2 Bxd2+
8. Nbxd2 d5 9. exd5 Nxd5 10. Qb3 Nce7 11. O-O O-O 12. Rfe1 c6 13. Ne4 Nb6 14.
Bd3 Ned5 15. Nc5 Rb8 16. Rac1 Nf4 17. Bb1 Qf6 18. Ne5 Qg5 19. Qf3 f6 20. Ned3
Nbd5 21. Nxf4 Nxf4 22. h4 Qh6 23. g3 Nd5 24. Be4 Nb6 25. Qb3+ Kh8 26. Qa3 Ra8
27. Qe3 Qxe3 28. Rxe3 Re8 29. Rce1 Nc4 30. R3e2 Nd6 31. Bd3 Rxe2 32. Rxe2 Kg8
33. Bc2 b6 34. Bb3+ Kf8 35. Ne6+ Bxe6 36. Rxe6 Nf5 37. Rxc6 Nxd4 38. Rc7 Nxb3
39. axb3 Rd8 40. Rxa7 Rd3 41. Ra3 b5 42. b4 Rd4 43. Rb3 h5 44. Kg2 Kf7 45. Kf3
Rc4 46. Ke3 g5 47. f4 gxh4 48. gxh4 Kg6 49. Rc3 Rxb4 50. Rc5 Rb3+ 51. Ke4 Rxb2
52. f5+ Kh6 53. Rc6 Rb4+ 54. Kf3 Rxh4 55. Rxf6+ Kg5 56. Rg6+ Kxf5 57. Rb6 Rb4
0-1

[Event "Bermuda"]
[Site "Bermuda"]
[Date "2004.??.??"]
[Round "?"]
[White "Macieja, B."]
[Black "Vescovi, G."]
[Result "0-1"]
[WhiteElo "2653"]
[BlackElo "2633"]
[PlyCount "56"]
[EventDate "2004.01.15"]
[Source "Chess Informant"]
[SourceDate "2003.10.01"]

1. e4 e5 2. Nf3 Nc6 3. Bc4 Bc5 4. c3 Nf6 5. d4 exd4 6. e5 d5 7. Bb5 Ne4 8. cxd4
Bb6 9. Nc3 O-O 10. Bxc6 bxc6 11. Be3 f5 12. exf6 Qxf6 13. Nxe4 dxe4 14. Nd2 Ba6
15. Nxe4 Ba5+ 16. Nc3 Bxc3+ 17. bxc3 Qg6 18. Rb1 Bd3 19. Rb7 Bc2 20. Qe2 Rab8
21. Qc4+ Kh8 22. Rxb8 Rxb8 23. Ke2 Rb2 24. Qc5 Bb3+ 25. Kf3 Bd5+ 26. Kf4 Qe4+
27. Kg3 Qxg2+ 28. Kh4 Qxh1 0-1

[Event "Bermuda"]
[Site "Bermuda"]
[Date "2004.01.24"]
[Round "9"]
[White "Iordachescu, Viorel"]
[Black "Vescovi, Giovanni P"]
[Result "1/2-1/2"]
[WhiteElo "2634"]
[BlackElo "2633"]
[PlyCount "41"]
[EventDate "2004.01.15"]
[Source "ChessBase"]
[SourceDate "2004.03.30"]

1. e4 e5 2. Nf3 Nc6 3. Bc4 Bc5 4. c3 Nf6 5. d3 a6 6. Bb3 Ba7 7. h3 d6 8. Nbd2
h6 9. Nf1 Be6 10. Ng3 O-O 11. Nh2 Ne7 12. Ng4 Nh7 13. Qf3 Qc8 14. Ne3 Bxe3 15.
Bxe3 Bxb3 16. axb3 f5 17. exf5 Nxf5 18. Nxf5 Rxf5 19. Qg4 Kh8 20. O-O Qd7 21.
d4 1/2-1/2

[Event "Internet"]
[Site "?"]
[Date "2004.09.30"]
[Round "?"]
[White "Kobalija Mihail"]
[Black "Kharlov Andrei"]
[Result "1-0"]
[WhiteElo "2621"]
[BlackElo "2613"]
[PlyCount "63"]
[EventDate "2004.??.??"]
[Source "www.chesslib.no"]
[SourceDate "2004.05.04"]

1. e4 e5 2. Nf3 Nc6 3. Bc4 Bc5 4. c3 Nf6 5. d3 d6 6. Bb3 O-O 7. Bg5 h6 8. Bh4
a6 9. Nbd2 Ne7 10. Bxf6 gxf6 11. Qe2 f5 12. O-O-O Kh8 13. d4 exd4 14. cxd4 Ba7
15. e5 d5 16. Kb1 c5 17. dxc5 Bxc5 18. Bc2 Be6 19. Nb3 Ba7 20. Nbd4 Nc6 21.
Nxf5 Bxf5 22. Bxf5 Qa5 23. a3 Rfe8 24. Bc2 Ne7 25. Ng5 Kg7 26. Qh5 Ng6 27. Nxf7
Re6 28. Qxh6+ Kxf7 29. Qh7+ Ke8 30. Bxg6+ Kd8 31. Qg8+ Kd7 32. Qf7+ 1-0

[Event "Nederland (ch)"]
[Site "?"]
[Date "2004.??.??"]
[Round "?"]
[White "Tiviakov, S."]
[Black "Sokolov, I."]
[Result "0-1"]
[WhiteElo "2590"]
[BlackElo "2690"]
[PlyCount "76"]
[EventDate "2004.??.??"]
[Source "Chess Informant"]
[SourceDate "2004.06.01"]

1. e4 e5 2. Nf3 Nc6 3. Bc4 Bc5 4. c3 Nf6 5. d3 d6 6. Bb3 h6 7. Nbd2 Be6 8. Bxe6
fxe6 9. b4 Bb6 10. Nc4 Ne7 11. Qb3 Qd7 12. b5 O-O 13. O-O Ng6 14. a4 c5 15.
bxc6 bxc6 16. Nxb6 axb6 17. Qxb6 Rfb8 18. Qe3 c5 19. a5 Rb5 20. d4 cxd4 21.
cxd4 Rbxa5 22. Rxa5 Rxa5 23. dxe5 dxe5 24. Bb2 Qb5 25. Ra1 Rxa1+ 26. Bxa1 Ng4
27. Qe1 Nf4 28. g3 Nd3 29. Qe2 Ngxf2 30. Bxe5 Qb1+ 31. Qf1 Qc2 32. Ba1 Nxe4 33.
Nd4 Qd2 34. Qe2 Qc1+ 35. Kg2 Ne1+ 36. Kf1 Nc2+ 37. Kg2 Ne3+ 38. Kh3 Ng5+ 0-1

[Event "Tripoli (Libya)"]
[Site "?"]
[Date "2004.06.20"]
[Round "1"]
[White "Tiviakov Sergei"]
[Black "Sargissian Gabriel"]
[Result "1-0"]
[WhiteElo "2617"]
[BlackElo "2611"]
[PlyCount "43"]
[EventDate "2004.??.??"]
[Source "www.chesslib.no"]
[SourceDate "2004.05.04"]

1. e4 e5 2. Nf3 Nc6 3. Bc4 Bc5 4. c3 Nf6 5. d3 d6 6. Bb3 a6 7. h3 Ba7 8. Nbd2
O-O 9. Nf1 d5 10. Qe2 dxe4 11. dxe4 Qe7 12. Ng3 h6 13. Nh5 Nd4 14. Nxf6+ Kh8
15. O-O Qc5 16. a3 Rb8 17. Be6 Bxe6 18. Nh4 Bf5 19. exf5 Qc6 20. Qg4 gxf6 21.
Bf4 exf4 22. Qg6 1-0

[Event "CRO-chT"]
[Site "Rabac"]
[Date "2003.09.13"]
[Round "7"]
[White "Fedorov, Alexei"]
[Black "Tkachiev, Vladislav"]
[Result "1/2-1/2"]
[WhiteElo "2595"]
[BlackElo "2654"]
[PlyCount "109"]
[EventDate "2003.09.07"]
[Source "Roberto Alvarez"]
[SourceDate "2003.09.22"]

1. e4 e5 2. Nf3 Nc6 3. Bc4 Bc5 4. c3 Nf6 5. d3 d6 6. Bb3 a6 7. O-O O-O 8. Bg5
h6 9. Bh4 Re8 10. d4 Ba7 11. Qd3 Bg4 12. Nbd2 Bh5 13. Bd5 exd4 14. Bxc6 bxc6
15. Nxd4 Bxd4 16. cxd4 g5 17. Bg3 Bg6 18. f3 d5 19. Rae1 c5 20. dxc5 dxe4 21.
Qxd8 Raxd8 22. Nxe4 Nxe4 23. fxe4 Rd2 24. Rf2 Rxf2 25. Kxf2 c6 26. e5 Rb8 27.
b3 Rd8 28. e6 Rd2+ 29. Kg1 fxe6 30. Rxe6 Kf7 31. Rxc6 Rxg2+ 32. Kf1 Rxa2 33.
Rb6 Rc2 34. c6 h5 35. c7 Bf5 36. Ke1 h4 37. Bd6 g4 38. Rxa6 g3 39. hxg3 h3 40.
g4 Bxg4 41. Ra4 Be6 42. Rf4+ Kg6 43. Rf8 h2 44. Bxh2 Rxh2 45. c8=Q Bxc8 46.
Rxc8 Rh3 47. b4 Rh4 48. b5 Rb4 49. Rc5 Kf6 50. Kd2 Ke6 51. Kc3 Rb1 52. Kc4 Kd7
53. Rc6 Rc1+ 54. Kd5 Rxc6 55. bxc6+ 1/2-1/2

[Event "1st League TCh-SCG"]
[Site "Budva"]
[Date "2003.08.30"]
[Round "2"]
[White "Nevednichy, Vladislav"]
[Black "Aleksandrov, Aleksej"]
[Result "1-0"]
[WhiteElo "2593"]
[BlackElo "2659"]
[PlyCount "33"]
[EventDate "2003.08.29"]
[Source "Roberto Alvarez"]
[SourceDate "2003.10.27"]

1. e4 e5 2. Nf3 Nc6 3. Bc4 Bc5 4. c3 Nf6 5. d3 a6 6. Bb3 Ba7 7. h3 d6 8. Nbd2
O-O 9. Nf1 Be6 10. Ng3 h6 11. O-O Re8 12. Nh2 Bxb3 13. axb3 Qd7 14. Qf3 Qe6 15.
b4 Ne7 16. Ng4 Nh7 17. Nf5 1-0

[Event "Nationale I"]
[Site "Clermont Ferrand"]
[Date "2003.05.08"]
[Round "9.2"]
[White "Hamdouchi, Hichem"]
[Black "Adams, Michael"]
[Result "1/2-1/2"]
[WhiteElo "2605"]
[BlackElo "2723"]
[PlyCount "58"]
[EventDate "2003.05.07"]
[Source "Roberto Alvarez"]
[SourceDate "2003.05.12"]

1. e4 e5 2. Nf3 Nc6 3. Bc4 Bc5 4. c3 Nf6 5. d3 a6 6. Nbd2 O-O 7. Bb3 Ba7 8. O-O
d6 9. Nc4 b5 10. Ne3 Ne7 11. a4 Bb7 12. Nh4 d5 13. Ng4 Nxg4 14. Qxg4 Kh8 15.
Re1 f6 16. exd5 Bxd5 17. Bxd5 Nxd5 18. d4 exd4 19. Nf5 Rg8 20. Nxd4 Bxd4 21.
Qxd4 Nb6 22. Qxd8 Rgxd8 23. axb5 axb5 24. Bf4 Nd5 25. Bg3 Kg8 26. h3 Kf7 27.
Rac1 Re8 28. Red1 c6 29. b3 Red8 1/2-1/2

[Event "Reykjavik Hrokurinn"]
[Site "Reykjavik"]
[Date "2003.02.24"]
[Round "6"]
[White "Macieja, Bartlomiej"]
[Black "Adams, Michael"]
[Result "1/2-1/2"]
[WhiteElo "2629"]
[BlackElo "2734"]
[PlyCount "56"]
[EventDate "2003.02.18"]
[Source "ChessBase"]
[SourceDate "2003.05.26"]

1. e4 e5 2. Nf3 Nc6 3. Bc4 Bc5 4. c3 Nf6 5. d3 a6 6. h3 Ba7 7. Nbd2 O-O 8. O-O
d6 9. Bb3 Nh5 10. Nxe5 Nxe5 11. Qxh5 Nxd3 12. Nf3 Qf6 13. Bg5 Qg6 14. Qxg6 hxg6
15. Rad1 Nc5 16. Bc2 Re8 17. Rfe1 f6 18. Be3 Be6 19. Nd2 g5 20. Bd4 a5 21. Nb3
Bb6 22. Bxc5 dxc5 23. a3 Rad8 24. Rxd8 Rxd8 25. Rd1 Re8 26. Nd2 c4 27. Nf3 c6
28. Nd4 Kf7 1/2-1/2

[Event "Plovdiv"]
[Site "Plovdiv"]
[Date "2003.??.??"]
[Round "?"]
[White "Macieja, B."]
[Black "Aleksandrov, A."]
[Result "1-0"]
[WhiteElo "2635"]
[BlackElo "2664"]
[PlyCount "121"]
[EventDate "2003.??.??"]
[Source "Chess Informant"]
[SourceDate "2003.10.01"]

1. e4 e5 2. Nf3 Nc6 3. Bc4 Bc5 4. c3 Nf6 5. d4 exd4 6. e5 d5 7. Bb5 Ne4 8. cxd4
Bb4+ 9. Bd2 Nxd2 10. Bxc6+ bxc6 11. Nbxd2 c5 12. a3 Bxd2+ 13. Qxd2 Bg4 14. dxc5
Bxf3 15. gxf3 O-O 16. c6 Re8 17. f4 Qc8 18. Qd4 Qf5 19. Kd2 Re6 20. Rac1 f6 21.
Rhe1 Rae8 22. Rc5 h6 23. Rxd5 Rxc6 24. Qe4 Qc8 25. Rc1 Rxc1 26. Kxc1 Qg4 27. f3
Qg1+ 28. Rd1 Qc5+ 29. Kb1 fxe5 30. Ka1 a5 31. Re1 Rd8 32. fxe5 Qd5 33. e6 Qxe4
34. Rxe4 Rd1+ 35. Ka2 Kf8 36. Rc4 Rh1 37. Rxc7 Rxh2 38. Rf7+ Kg8 39. Rf5 Re2
40. Rxa5 Rxe6 41. b4 Kf7 42. b5 h5 43. Ra7+ Kf6 44. a4 h4 45. Ra8 Ke7 46. Rc8
h3 47. Rc2 Rg6 48. Kb3 Rg2 49. Rc8 Rg6 50. Rc1 h2 51. Rh1 Rh6 52. Kb4 Kd6 53.
f4 Rh4 54. Ka5 Kc7 55. Ka6 Rxf4 56. a5 Rf2 57. Ka7 Rb2 58. b6+ Kc6 59. Rc1+ Kd5
60. b7 g5 61. b8=Q 1-0

[Event "Srbija i Crna Gora 88/300"]
[Site "?"]
[Date "2003.??.??"]
[Round "?"]
[White "Nevednichy, V."]
[Black "Aleksandrov, A."]
[Result "1-0"]
[WhiteElo "2593"]
[BlackElo "2659"]
[PlyCount "103"]
[EventDate "2003.??.??"]
[Source "Chess Informant"]
[SourceDate "2003.06.01"]

1. e4 e5 2. Nf3 Nc6 3. Bc4 Bc5 4. c3 Nf6 5. d3 a6 6. Bb3 Ba7 7. h3 d6 8. Nbd2
O-O 9. Nf1 Be6 10. Ng3 h6 11. O-O Re8 12. Nh2 Bxb3 13. axb3 Qd7 14. Qf3 Qe6 15.
b4 Ne7 16. Ng4 Nh7 17. Nf5 Ng5 18. Qg3 Kh8 19. h4 Nh7 20. Ngxh6 Nxf5 21. Nxf5
g6 22. Ne3 f5 23. Qh3 fxe4 24. Qxe6 Rxe6 25. dxe4 c6 26. Ng4 d5 27. exd5 cxd5
28. Bd2 Nf6 29. Nxf6 Rxf6 30. Rae1 Raf8 31. Re2 Kg7 32. g3 Rf3 33. Kg2 Rd3 34.
Be3 d4 35. Bg5 dxc3 36. bxc3 Rxc3 37. Rxe5 Rc2 38. Bf4 Rf7 39. Rd5 Bb6 40. h5
gxh5 41. Rg5+ Kf8 42. Rxh5 Rb2 43. Rd5 Ke8 44. Re1+ Kf8 45. Bd6+ Kg7 46. Be5+
Kf8 47. Bxb2 Rxf2+ 48. Kh3 Rxb2 49. Rf5+ Kg7 50. Re7+ Kg6 51. Rf4 Bg1 52. Rxb7
1-0